Leonardo da Vinci
Descripción Física:
24 pàg. : il. ; 31 cm
Materias:
Leonardo, da Vinci, -- 1452-1519
; Fons Joan Junyer i Pascual (1909-1994)
; Invents
; Inventors
Idioma:
English
MARC
| LEADER | 00000nam a22000007a 4500 | ||
|---|---|---|---|
| 001 | 24847 | ||
| 003 | AGDB | ||
| 005 | 20260324181537.0 | ||
| 008 | 251022b -us||||| |||| 00| 0 eng d | ||
| 041 | |a eng | ||
| 100 | |a Belt, Elmer, |d 1893-1980 |9 72629 | ||
| 245 | |a Leonardo da Vinci | ||
| 260 | |a [New York] : |b International Business Machines Corp. , |c cop. 1951 | ||
| 300 | |a 24 pàg. : |b il. ; |c 31 cm | ||
| 500 | |a Prové del fons Joan Junyer i Pascual (1909-1994) | ||
| 600 | 0 | |a Leonardo, da Vinci, |d 1452-1519 |9 34836 | |
| 650 | |a Fons Joan Junyer i Pascual (1909-1994) |9 72777 | ||
| 650 | 0 | |a Invents |2 lemac |9 72630 | |
| 650 | 0 | |a Inventors |9 72631 | |
| 700 | |a Steinitz, Kate Traumann, |d 1889-1975 |9 72632 | ||
| 700 | |a Archer, Margot |9 72633 | ||
| 942 | |2 udc |c ARXIU |n 1 | ||
| 952 | |0 0 |1 0 |4 0 |6 F504123 |7 1 |9 98541 |a Arxiu |b Arxiu |d 2025-10-22 |l 0 |o F-504-123 |p 24847 |r 2025-10-22 11:53:12 |w 2025-10-22 |y ARXIU | ||
| 999 | |c 130292 |d 130292 | ||